00413nam a2200157Ia 4500008004100000020001800041041000800059082001900067100001500086245005500101250001200156260003400168300000900202365001600211700002800227230714s9999 xx 000 0 und d a9780000000000 aeng a621.381'5bSED aSedra A.S. aMicroelectronic Circuits bTheory And Applications a7th ed. c2017bOxford University Press a1336 cRs.b850.00 aSedra A.S. & Smith K.C.